000 01955 a2200253 4500
001 2162214035926813
003 UA-OsUOA
005 20260508154944.0
008 260508b un abo|| |||| 00| 0dukr d
020 _a9667304051
040 _aUA-OsUOA
_bukr
_cUA-OsUOA
_dUA-OsUOA
041 _aukr
080 _a94(477):929
090 _a94(477):929
_bС45
100 _aСкрипник І.
_925203
245 _aЛегенда про гетьмана
_bІван Виговський: від Конотопа до Скиту Минявського
260 _aІвано-Франківськ
_bТОВ "СІВЕРСІЯ Лтд"
_c1997
300 _a176 с.
520 _aУ книзі "Легенда про гетьмана" зібрано статті краєзнавця І. Скрипника про Івана Виговського, який став гетьманом України по смерті Богдана Хмельницького й очолив збройну боротьбу проти засилля московитів, перемігши під Конотопом їхнє 100-тисячне військо. У виданні вміщено також дослідження Івана Скрипника про Скит Манявський, де, за версією ряду вчених, похований гетьман, а також матеріали інших авторів про Івана Виговського. Книга розрахована на всіх, хто цікавиться історією України, особливо тими її сторінками, які замовчувалися або грубо перекручувалися в часи комуністичного режиму.
650 _a94(477) Історія України
_91446
942 _cBK
_2udc
955 _a4
999 _c580679
_d580679